000 00701nam a22002057a 4500
005 20251108174955.0
008 250721s2008 xx 000 0 ara d
082 1 4 _aم/211.6/نجا
100 1 _aالنجار، زغلول راغب محمد
_eمؤلف
245 1 0 _aفي نور القرآن الكريم تأملات في كتاب الله /
264 1 _aالقاهرة :
_bالدار المصرية اللبنانية،
_c2008.
300 _a567ص.
650 1 7 _aتفسير القرآن
650 1 7 _aالعلوم القرآنية
650 1 7 _aفضائل القرآن
650 1 7 _aالقرآن الكريم
650 1 7 _aإعجاز القرآن
942 _2ddc
_cREF
999 _c122897
_d122897